000 00548nab a2200145Ia 4500
003 ES-SlBCS
005 20210601133740.0
008 140529s2009 xxu||||| |||| 00| 0 por d
041 _apor
100 1 _aRibeiro do Nascimento, Carlos Arthur
_9205532
245 0 0 _aRoberto Grosseteste: física e matemática. Comentário de Roberto Grosseteste à Física
_c Carlos Arthur Ribeiro Do Nascimento
600 1 4 _aGrosseteste, Robert
_d, 1175-1253
_9133857
773 0 _tEducaçao e Filosofia
_gvol. 23, nº. 45, 2009, págs. 201-228
_wRev1534
942 _cAR
999 _c601511
_d601511